Statistics for US Presidents Whose Last Name Starts With C

Click here to take the quiz!

General Stats

  • This quiz has been taken 498 times
  • The average score is 4 of 5

Answer Stats

ServedPresident% Correct
1993 - 2001Bill Clinton
96%
1977 - 1981Jimmy Carter
96%
1923 - 1929Calvin Coolidge
91%
1885 - 1889Grover Cleveland
77%
1893 - 1897Grover Cleveland
77%

Score Distribution

Percentile by Number Answered

Percent of People with Each Score

Your Score History

You have not taken this quiz